• 首页
  • 本馆介绍
  • 公告通知
  • 最新文献
  • 馆藏检索
  • 电子资源
  • 读者导购
  • 参考咨询
  • 我的图书馆
  • 登录
  • 详细信息显示
  • 放入我的书架
  • 预约/预借图书
  • 作者相关作品
  • 分类相关作品
  • 丛书相关作品
  • 出版社相关作品

书目信息

  • 表格格式
  • 工作单格式
  • 卡片格式
题名:
社会主义工业生产的专业化与协作
    
 
作者: 季明 著
分册:  
出版信息: 上海   上海人民出版社  1979
页数: 57页
开本: 19cm
丛书名:
单 册:
中图分类: F424.5
科图分类:
主题词: 工业生产专业化--中国 , 工业生产协作化--中国
电子资源:
ISBN:
000 00674nam0 2200241 45
001 0179007919
005 20060818165150.90
010    @dCNY0.18
091    @aCN@b4074.287
100    @a19950716d1979 em y0chiy0121 ea
101 0  @achi
102    @aCN@b310000
105    @ay z 000yy
200 10 @a社会主义工业生产的专业化与协作@Ashe hui zhu yi gong ye sheng chan de zhuan ye hua yu xie zuo@f季明著
205    @a2版
210    @a上海@c上海人民出版社@d1979
215    @a57页@d19cm
606    @a工业生产专业化@y中国
606    @a工业生产协作化@y中国
690    @aF424.5@v3
701  0 @a季明@Aji ming@4著
801  0 @aCN@bTSSF@c20060818
905    @a10447@dF424.5@e54=2
    
    社会主义工业生产的专业化与协作/季明著.-2版.-上海:上海人民出版社,1979
    57页;19cm
    
    
    ISBN :CNY0.18
    
●
相关链接 在E读中查询图书 在五车中查询图书 在当当中查询图书 在豆瓣中查询图书


正题名:社会主义工业生产的专业化与协作     索取号:F424.5/54=2         预约/预借

序号 登录号 条形码 馆藏地/架位号 状态 备注
1 0469251   204692519   密集书库/ [索取号:F424.5/54=2] 在馆    
唐山师范学院图书馆 欢迎您!
大连网信软件有限公司© 版权所有